000 00823cam a2200265 4500
001 J97220
008 090401t1999 xxu||||| |||| 00| 0 eng d
035 _a(Sirsi) u91893
041 _aeng
050 _a333.337
110 _aRichard Ellis St. Quintin
_93738
245 _aRichard Ellis St. Quintin bulletin : retail property performance. - January 1999 - August 1999
260 _aLondon
_bRichard Ellis St. Quintin
_c1999
300 _a8 pt. ; 30cm.
350 _a0
650 _aCAPITAL VALUES
650 _aRENT
650 _aPROPERTY-COMMERCIAL PROPERTY-RETAIL PROPERTY-RETAIL PROPERTY MARKET
650 _aRETAIL WAREHOUSES
650 _aRICHARD ELLIS MONTHLY INDICES
690 _aPROPERTY-COMMERCIAL PROPERTY-RETAIL PROPERTY
710 _aRichard Ellis
_91875
942 _n0
948 _c09/03/1999
999 _c97682
_d97682